000
00319nam a2200133Ia 4500
005
20251222152634.0
008
251222s9999||||xx |||||||||||||| ||spa||
020
_a
9789972336881
082
_a
980/M58
100
_a
Milla Villena, Carlos
245
0
_a
Génesis de la Cultura Andina
250
_a
4ta.ed.
942
_c
LIB
999
_c
27844
_d
27844